|
|
|
|
| LEADER |
01113nam a22002657a 4500 |
| 001 |
37852 |
| 003 |
BD-DhAAL |
| 008 |
220303r20052004bg ||||| b||| 00| 0 eng d |
| 999 |
|
|
|c 43643
|d 43643
|
| 020 |
|
|
|a 9848280111
|
| 040 |
|
|
|a BD-DhAAL
|
| 082 |
|
|
|a 428.0071
|
| 100 |
|
|
|a Barua, Geetanjali
|9 46343
|
| 245 |
|
|
|a Language education English /
|c Geetanjali Barua, Abu Kayes Mahmud Nur Hossain ; edited by S. M. Eleus Hossain, Md. Mosharraf Hossain Bhuiyan
|
| 260 |
|
|
|a Dhaka :
|b Mita Traders,
|c 2004 [reprinted 2005].
|
| 300 |
|
|
|a 502 pages ;
|c 22 cm.
|
| 504 |
|
|
|a Includes bibliographical references (page 502).
|
| 526 |
|
|
|a BIED
|
| 541 |
|
|
|a Complimentary copy from BIED
|e 37852
|
| 700 |
|
|
|a Hossain, Abu Kayes Mahmud Nur
|9 46344
|
| 700 |
|
|
|a Hossain, S. M. Eleus
|9 46345
|
| 700 |
|
|
|a Bhuiyan, Md. Mosharraf Hossain
|9 46346
|
| 852 |
|
|
|a Ayesha Abed Library
|c BIED Collection
|
| 942 |
|
|
|2 ddc
|c BK
|
| 952 |
|
|
|0 0
|1 0
|2 ddc
|4 0
|6 428_007100000000000_BAR
|7 0
|9 69972
|a BRACUL
|b BRACUL
|c GEN
|d 2022-03-03
|e Complimentary copy from BIED
|l 0
|o 428.0071 BAR
|p 3010037852
|r 2022-03-03
|t 1
|w 2022-03-03
|y BK
|x Transferred from BIED to General Stacks
|